| Tag |
First Indicator |
Second Indicator |
Subfields |
| LEADER |
00000cam a2200000 4500 |
| 001 |
in00000064690 |
| 005 |
20151008050706.0 |
| 008 |
751023s1958 nyua 00000 eng |
| 010 |
|
|
|a 58007577
|
| 035 |
|
|
|a (OCoLC)01726761
|
| 035 |
|
|
|9 AAG2666AM
|
| 040 |
|
|
|a DLC
|c GDC
|d TXA
|d UtOrBLW
|
| 049 |
|
|
|a TXAM
|c [291969]
|
| 050 |
0 |
0 |
|a HG538
|b .M68
|
| 092 |
|
|
|a 332.414
|b M818i
|
| 100 |
1 |
|
|a Mooney, Richard E.
|
| 245 |
1 |
0 |
|a Inflation and recession? /
|c Edited by Richard E. Mooney and Edwin L. Dale, Jr.
|
| 264 |
|
1 |
|a [New York] :
|b Doubleday,
|c [1958]
|
| 300 |
|
|
|a 96p :
|b illustrations ;
|c 26 cm.
|
| 336 |
|
|
|a text
|b txt
|2 rdacontent
|
| 337 |
|
|
|a unmediated
|b n
|2 rdamedia
|
| 338 |
|
|
|a volume
|b nc
|2 rdacarrier
|
| 490 |
0 |
|
|a (Doubleday headline publications)
|
| 650 |
|
0 |
|a Inflation (Finance)
|z United States.
|
| 651 |
|
0 |
|a United States
|x Economic policy.
|
| 700 |
1 |
|
|a Dale, Edwin L.
|
| 999 |
|
|
|a MARS
|
| 999 |
f |
f |
|s 556669f8-02e5-3ef0-bf9b-a2bb098b0d3e
|i 66dadb18-2629-3797-b85c-74aa475e0a82
|t 0
|
| 952 |
f |
f |
|p ric
|a Texas A&M University
|b Rellis Campus
|c Joint Library Facility
|d Remote Storage
|t 0
|e HG538 .M68
|h Library of Congress classification
|i unmediated -- volume
|m A14800733692
|
| 998 |
f |
f |
|a HG538 .M68
|t 0
|l Remote Storage
|